[La Santa Biblia] / (Record no. 6250)

MARC details
000 -LEADER
campo de control de longitud fija 00472ntaaa2200181 4500
003 - IDENTIFICADOR DE NÚMERO DE CONTROL
campo de control 01
005 - FECHA Y HORA DE LA ÚLTIMA TRANSACCIÓN
campo de control 20251027201208.0
008 - DATOS DE LONGITUD FIJA--INFORMACIÓN GENERAL
campo de control de longitud fija 0714s1973 ag 01
040 ## - FUENTE DE CATALOGACIÓN
Centro catalogador/agencia de origen AR-BaBN
Lengua de catalogación spa
Centro/agencia transcriptor AR-BaBN
Normas de descripción aacr
Centro/agencia modificador RIC
082 ## - NÚMERO DE LA CLASIFICACIÓN DECIMAL DEWEY
Número de clasificación 220.5957 B47
100 ## - ENTRADA PRINCIPAL--NOMBRE DE PERSONA
Nombre de persona Biblia. Coreano. 1973
9 (RLIN) 9882
245 ## - MENCIÓN DEL TÍTULO
Título [La Santa Biblia] /
Mención de responsabilidad, etc. Biblia. Coreano. 1973
250 ## - MENCION DE EDICION
Mención de edición rev. ed.
260 ## - PUBLICACIÓN, DISTRIBUCIÓN, ETC.
Lugar de publicación, distribución, etc. Corea,
Fecha de publicación, distribución, etc. 1973
300 ## - DESCRIPCIÓN FÍSICA
Extensión 1 vol ;
Dimensiones 19 cm
500 ## - NOTA GENERAL
Nota general Revised and Hankul.Con referencias.
942 ## - ELEMENTOS DE ENTRADA SECUNDARIOS (KOHA)
Tipo de ítem Koha Colección General
Holdings
Estatus retirado Estado de pérdida Estado de daño No para préstamo Biblioteca de origen Biblioteca actual Fecha de adquisición Número de inventario Total de préstamos Signatura topográfica completa Código de barras Visto por última vez Precio de reemplazo Tipo de ítem Koha
        Biblioteca Pluis Biblioteca Pluis 27/10/2025 034573   220.5957 B47 034573 27/10/2025 27/10/2025 Colección General